El cultivo de hortalizas /

Guardado en:
Autor Principal: Seymour, John
Formato: Libro
Publicado: Barcelona : Blume, 1994
Materias:
Etiquetas: Agregar Etiqueta
Sin Etiquetas, Sea el primero en etiquetar este registro!
LEADER 00801nam a22002175a 4500
001 CEM.cems017580
005 20110517111504.0
008 130507s1994##################000#0#####d
003 CEMS
020 |a 9788480769181 
082 0 4 |a 635.04 
100 1 |a Seymour, John 
245 1 0 |a El cultivo de hortalizas /  |c John Seymour 
260 |a Barcelona :  |b Blume,  |c 1994 
300 |a 207 p. 
500 |a Manual práctico de la vida autosuficienteindice ilustrado con detallados dibujos de cada una de las especies mencionadas 
505 0 |a Leguminosas -- Crucíferas -- Solanáceas -- Umbelíferas -- Liliáceas -- Quenopodiáceas -- Cucurbitáceas -- Compuestas 
653 |a Hortalizas 
653 |a Hortalizas-cultivo 
653 |a Horticultura 
859 |a CEMS  |b BIB. CEMS - Agricultura  |h 635.04  |i Se95  |p A1355.11  |t Ej.1